000 00635 a2200217 4500
999 _c8740
_d8740
020 _a9780748729364
050 0 0 _aT107 GNV 1997
245 1 0 _aGNVQ Intermediate engineering drawing /
_bAlan Darbyshire [et al]
264 _aCheltenham:
_bStanely Thornes,
_c1997
300 _a464 p. :
_bill. ;
500 _aincludes index
650 0 _aEngineering -- Study and teaching
650 0 _aEngineering
650 0 _aProblems, exercises, etc. Engineering.
651 _aGreat Britain
700 _aDarbyshire, Alan
700 _aFroud, Martin
700 _aReid, Heather
700 _aTaylor, David
942 _2lcc
_cBK
_h107
_iGNV
_kT